000 01042nam a22003251 4500
001 data
005 20260322212115.0
008 data
035 _a1698885
906 _a7
_bcbc
_corignew
_du
_eocip
_f19
_gy-gencatlg
010 _a 67009329
035 _9(DLC) 67009329
040 _aDLC
_cDLC
_dDLC
042 _alcac
050 0 0 _aPZ8.1.C873
_bDe
082 0 0 _a291
100 1 _aCreighton, David.
245 1 0 _aDeeds of gods and heroes
_c[by] David Creighton.
260 _aNew York,
_bSt. Martin's Press
_c[1967]
300 _a216 p.
_billus., map (on lining paper)
_c22 cm.
336 _atext
_btxt
_2rdacontent
337 _aunmediated
_bn
_2rdamedia
338 _avolume
_bnc
_2rdacarrier
504 _aIncludes bibliographical references.
520 _aExamines the mythologies of Greece, Rome, Egypt, Babylon, Troy, North America and Scandinavia.
650 0 _aMythology.
650 1 _aMythology.
991 _bc-GenColl
_hPZ8.1.C873
_iDe
_p00025745735
_tCopy 1
_wBOOKS
999 _c1744
_d1744